| 000 | 00765nab a2200193 4500 | ||
|---|---|---|---|
| 001 | 244442 | ||
| 003 | OSt | ||
| 005 | 20241008121459.0 | ||
| 007 | tu | ||
| 008 | 200917s2020||||||| | ||
| 040 |
_aDE-2950 _cDE-2950 |
||
| 245 | 0 | 0 |
_aAls die Stadt ein Standesamt bekam _bStadtgeschichte. Seit 150 Jahren gibt es das Standesamt in Frankfurt (Oder). Im Laufe der Jahrzehnte wurden Tausende Geburten, Sterbefälle und natürlich Ehe beurkundet. Wie alles am 1. Oktober 1874 begann und wer der erste Frankfurter Standesbeamte war/ _cRalf-Rüdiger Targiel |
| 264 | _c2024 | ||
| 653 | _aFrankfurt (Oder) | ||
| 653 | _aStadtgeschichte | ||
| 653 | _aStandesamt | ||
| 773 | 0 |
_g35. Jahrgang (2024) Nr. 230 vom 01.10.2024, S. 18 mit Foto _tMärkische Oderzeitung |
|
| 942 |
_2z _cA |
||
| 999 |
_c373393 _d373393 |
||